Complete chemistry for Cambridge Secondary 1 / (Record no. 5657)

MARC details
000 -LEADER
fixed length control field 01381nam a22002057a 4500
001 - CONTROL NUMBER
control field 5657
003 - CONTROL NUMBER IDENTIFIER
control field FISKH
005 - DATE AND TIME OF LATEST TRANSACTION
control field 20250109140608.0
008 - FIXED-LENGTH DATA ELEMENTS--GENERAL INFORMATION
fixed length control field 250109b cb ||||| |||| 00| 0 eng d
020 ## - INTERNATIONAL STANDARD BOOK NUMBER
International Standard Book Number 9780198390183
040 ## - CATALOGING SOURCE
Original cataloging agency FISKH
Language of cataloging eng
Transcribing agency FISKH
Modifying agency FISKH
082 ## - DEWEY DECIMAL CLASSIFICATION NUMBER
Classification number 540
100 ## - MAIN ENTRY--PERSONAL NAME
Personal name Humlme, Philippa Gardom
245 ## - TITLE STATEMENT
Title Complete chemistry for Cambridge Secondary 1 /
Statement of responsibility, etc. by Philippa Gardom Hulme
260 ## - PUBLICATION, DISTRIBUTION, ETC.
Place of publication, distribution, etc. Oxford :
Name of publisher, distributor, etc. Oxford University Press ;
Date of publication, distribution, etc. 2013.
300 ## - PHYSICAL DESCRIPTION
Extent 248 pages :
Other physical details color illustrations ;
Dimensions 28 cm .
520 ## - SUMMARY, ETC.
Summary, etc. This brand new course builds in crucial challenge material right from the start, enabling students to confidently leap into Cambridge IGCSERG Science study with a solid foundation in Chemistry. It is the best preparation for our bestselling Complete Science for Cambridge IGCSE course,facilitating seamless progression from Cambridge Secondary 1 Stage 9 right into Complete Chemistry for Cambridge IGCSE. Complete Chemistry for Cambridge Secondary 1 covers all three years of Cambridge Secondary 1 Chemistry in the same book, flowing smoothly from one stage to the next. Regularrevision and extension exercises will help consolidate learning and then stretch and challenge students to reach the next level. Plus, it's endorsed by Cambridge International Examinations, so you know it's comprehensive.
942 ## - ADDED ENTRY ELEMENTS (KOHA)
Source of classification or shelving scheme Dewey Decimal Classification
Koha item type Books
Suppress in OPAC No
Holdings
Withdrawn status Lost status Source of classification or shelving scheme Damaged status Not for loan Collection Home library Current library Shelving location Date acquired Total Checkouts Full call number Barcode Date last seen Copy number Price effective from Koha item type
    Dewey Decimal Classification     Non-Fiction Footprints International School Library Network Toul Kork Campus Footprints International School Library Network Toul Kork Campus TTP Secondary Non-Fiction Bookshelves 01/09/2025   HUL 540 FISSE04422 01/09/2025 1 01/09/2025 Books
    Dewey Decimal Classification     Non-Fiction Footprints International School Library Network Toul Kork Campus Footprints International School Library Network Toul Kork Campus TTP Secondary Non-Fiction Bookshelves 01/09/2025   HUL 540 FISSE03147 01/17/2025 2 01/09/2025 Books
    Dewey Decimal Classification     Non-Fiction Footprints International School Library Network Toul Tom Poung Campus Footprints International School Library Network Toul Tom Poung Campus TTP Secondary Non-Fiction Bookshelves 04/22/2025   HUL 540 FISSE03402 04/22/2025 3 04/22/2025 Books